[Event "GER-chT U20"]
[Site "Osnabrueck"]
[Date "2011.12.27"]
[Round "1.5"]
[White "Melcher, Max"]
[Black "Raider, Eugen"]
[Result "0-1"]
[WhiteElo "1484"]
[BlackElo "1985"]
[PlyCount "84"]
[EventDate "2011.12.27"]
[EventType "team-swiss"]
[EventRounds "7"]
[EventCountry "GER"]
[SourceTitle "CBM 146 Extra"]
[Source "ChessBase"]
[SourceDate "2012.02.29"]
[SourceVersion "1"]
[SourceVersionDate "2012.02.29"]
[SourceQuality "1"]
[WhiteTeam "Magdeburg Aufbau Elbe"]
[BlackTeam "Hamburg Koenigsspringer"]
[WhiteTeamCountry "GER"]
[BlackTeamCountry "GER"]

1. c4 Nf6 2. Nc3 c5 3. Nf3 g6 4. d4 Bg7 5. g3 0-0 6. Bg2 cxd4 7. Nxd4 Nc6 8. 0-0 Nxd4 9. Qxd4 d6 10. Nd5 Be6 11. Qd3 Rc8 12. Rb1 Bf5 13. e4 Bd7 14. Be3 Nxd5 15. cxd5 Qa5 16. a3 Bb5 17. Qb3 Bxf1 18. Bxf1 Qc7 19. Bd3 a6 20. f4 b5 21. h4 Qd7 22. f5 Rc7 23. Kg2 Rfc8 24. h5 gxf5 25. exf5 Rc4 26. Kf3 e6 27. g4 exd5 28. Bxc4 Rxc4 29. Qd3 d4 30. Bd2 Rc5 31. Re1 Re5 32. h6 Qc6+ 33. Kf2 Rxe1 34. Kxe1 Be5 35. g5 Qh1+ 36. Kf2 Qh2+ 37. Kf1 Qh1+ 38. Kf2 Qh4+ 39. Kf1 d5 40. Qe2 Qe4 41. Qf2 Qh1+ 42. Ke2 d3+ 0-1

[Event "Hamburg St Pauli op-A"]
[Site "Hamburg"]
[Date "2011.07.13"]
[Round "6"]
[White "Raider, Eugen"]
[Black "Schulz, Hans Juergen"]
[Result "1-0"]
[WhiteElo "1899"]
[BlackElo "2040"]
[PlyCount "71"]
[EventDate "2011.07.09"]
[EventType "swiss"]
[EventRounds "9"]
[EventCountry "GER"]
[SourceTitle "CBM 143 Extra"]
[Source "ChessBase"]
[SourceDate "2011.08.29"]
[SourceVersion "1"]
[SourceVersionDate "2011.08.29"]
[SourceQuality "1"]

1. Nc3 e5 2. Nf3 Nc6 3. d4 exd4 4. Nxd4 d5 5. Bf4 a6 6. Nxc6 bxc6 7. Qd4 Nf6 8. Qe5+ Be6 9. Qxc7 Qxc7 10. Bxc7 d4 11. Nd1 Nd5 12. Ba5 Bb4+ 13. Bxb4 Nxb4 14. Kd2 Nxa2 15. c3 Rd8 16. Kc2 dxc3 17. bxc3 Rb8 18. Nb2 0-0 19. e4 Rfd8 20. Nc4 Nb4+ 21. cxb4 Rxb4 22. Kc3 c5 23. Nd2 Rbd4 24. Nf3 Rb4 25. Bxa6 Rdb8 26. Nd2 Rd4 27. Rhd1 Rbd8 28. Bb7 Bb3 29. Kxb3 Rb4+ 30. Kc3 Rxb7 31. Rab1 Rbd7 32. Kc2 Rd4 33. Nf3 Rc4+ 34. Kb3 Rb4+ 35. Kc3 Rdb8 36. Rxb4 1-0

[Event "Hamburg St Pauli op-A"]
[Site "Hamburg"]
[Date "2011.07.12"]
[Round "5"]
[White "Leube, Oliver"]
[Black "Raider, Eugen"]
[Result "0-1"]
[WhiteElo "1974"]
[BlackElo "1899"]
[PlyCount "66"]
[EventDate "2011.07.09"]
[EventType "swiss"]
[EventRounds "9"]
[EventCountry "GER"]
[SourceTitle "CBM 143 Extra"]
[Source "ChessBase"]
[SourceDate "2011.08.29"]
[SourceVersion "1"]
[SourceVersionDate "2011.08.29"]
[SourceQuality "1"]

1. d4 c5 2. d5 Nf6 3. c4 b5 4. cxb5 a6 5. bxa6 g6 6. Nc3 Bxa6 7. e4 Bxf1 8. Kxf1 d6 9. Nge2 Bg7 10. Rb1 0-0 11. b4 cxb4 12. Rxb4 Na6 13. Rb1 Nc5 14. f3 Nfd7 15. Be3 Qc8 16. Bd4 Ne5 17. Qd2 f5 18. Kg1 fxe4 19. fxe4 Qg4 20. Bxe5 Bxe5 21. h3 Qd7 22. g4 Na4 23. Kg2 Nxc3 24. Nxc3 Bxc3 25. Qxc3 Rxa2+ 26. Rb2 Qa7 27. Rf1 Rxf1 28. Kxf1 Ra1+ 29. Ke2 Qa6+ 30. Kf3 Ra3 31. Rb3 Qf1+ 32. Kg3 Qg1+ 33. Kf3 Qd1+ 0-1